000 00728nam a2200193Ii 4500
003 JO-AjNU
008 230605s9999||||xx |||||||||||||| ||und||
040 _aJO-AjNU
_bara
_erda
_cJO-AjNU
041 _aara
050 1 4 _aPJ7542.A72.H53 2013
100 3 _aحجازي، محمد عبد الواحد,
_eauthor
_944181
245 0 0 _aالأطلال في الشعر العربي: دراسة جمالية
264 3 1 _aالإسكندرية: دار الوفاء لدينا الطباعة والنشر،2013
300 _a378ص
336 _atext
_btxt
_2rdacontent
337 _aunmediated
_bn
_2rdamedia
338 _avolume
_bnc
_2rdacarrier
650 4 _aالشعر العربي-الاطلال في الشعر العربي
_944182
999 _aA19055
_c22623
_d22623